| 000 | 03632caa0 2200493 iz4500 | ||
|---|---|---|---|
| 001 | BY-HM0009-br112847 | ||
| 005 | 20260216103116.0 | ||
| 100 | ^a20260209d1952 u y0rusy50 ca | ||
| 101 | 0 | ^arus | |
| 200 | 1 |
^aРусские классики о народности ^bТекст |
|
| 463 | 1 |
^12001 ^aСоветская музыка ^eорган Союза советских композиторов СССР и Комитета по делам искусств при Совете Министров СССР ^v1952. ― № 12. ― С. 13―23 ^1210 ^aМосква ^d1952 |
|
| 606 |
^aМУЗЫКА ^3BY-NLB-ar19167 ^2DVNLB |
||
| 606 |
^aНАРОДНОСТЬ ^3BY-NLB-ar62377 ^2DVNLB |
||
| 606 |
^aКЛАССИКИ ^3BY-NLB-ar43790 ^2DVNLB |
||
| 606 |
^aЦИТАТЫ ^3BY-NLB-ar2691169 |
||
| 606 |
^aКОМПОЗИТОРЫ ^3BY-NLB-ar14208 ^2DVNLB |
||
| 606 |
^aПИСАТЕЛИ ^3BY-NLB-ar44423 ^2DVNLB |
||
| 606 |
^aРУССКИЙ ^3BY-NLB-ar28726 ^2DVNLB |
||
| 606 |
^a20 ВЕК ^3BY-NLB-ar2395837 ^2DVNLB |
||
| 690 |
^a10 ^2Base ^9BY-HM0009 ^xRSEK |
||
| 701 | 1 |
^aБелинский ^bВ. Г. ^gВиссарион Григорьевич ^f1811—1848 ^3BY-NLB-ar98325 |
|
| 701 | 1 |
^aГлинка ^bМ. И. ^gМихаил Иванович ^cкомпозитор ^f1804—1857 ^3BY-NLB-ar163091 |
|
| 701 | 1 |
^aГорький ^bМ. ^gМаксим ^cписатель ^f1868—1936 ^3BY-NLB-ar117131 |
|
| 701 | 1 |
^aДаргомыжский ^bА. С. ^gАлександр Сергеевич ^cкомпозитор ^f1813—1869 ^3BY-NLB-ar95308 |
|
| 701 | 1 |
^aДобролюбов ^bН. А. ^gНиколай Александрович ^cкритик ^f1836—1861 ^3BY-NLB-ar115696 |
|
| 701 | 1 |
^aМусоргский ^bМ. П. ^gМодест Петрович ^f1839—1881 ^3BY-NLB-ar95542 |
|
| 701 | 1 |
^aОдоевский ^bВ. Ф. ^gВладимир Федорович ^cписатель ^f1803—1869 ^3BY-NLB-ar114919 |
|
| 701 | 1 |
^aОстровский ^bА. И. ^gАркадий Ильич ^cкомпозитор ^f1914—1967 ^3BY-NLB-ar1651694 |
|
| 701 | 1 |
^aРахманинов ^bС. В. ^gСергей Васильевич ^cкомпозитор ^f1873—1943 ^3BY-NLB-ar94125 |
|
| 701 | 1 |
^aРимский-Корсаков ^bН. А. ^gНиколай Андреевич ^cкомпозитор ^f1844—1908 ^3BY-NLB-ar95399 |
|
| 701 | 1 |
^aСеров ^bА. Н. ^gАлександр Николаевич ^cкомпозитор ^cмузыковед ^f1820—1871 ^3BY-NLB-ar95309 |
|
| 701 | 1 |
^aСтасов ^bВ. В. ^gВладимир Васильевич ^cискусствовед ^f1824—1906 ^3BY-NLB-ar115501 |
|
| 701 | 1 |
^aТолстой ^bЛ. Н. ^gЛев Николаевич ^cписатель ^f1828—1910 ^3BY-NLB-ar2305130 |
|
| 701 | 1 |
^aТургенев ^bИ. С. ^gИван Сергеевич ^cписатель ^f1818—1883 ^3BY-NLB-ar93423 |
|
| 701 | 1 |
^aЧайковский ^bП. И. ^gПетр Ильич ^cкомпозитор ^f1840—1893 ^3BY-NLB-ar100299 |
|
| 701 | 1 |
^aЧернышевский ^bН. Г. ^gНиколай Гаврилович ^cписатель ^f1828—1889 ^3BY-NLB-ar111843 |
|
| 701 | 1 |
^aПушкин ^bА. С. ^gАлександр Сергеевич ^cписатель ^f1799—1837 ^3BY-NLB-ar130495 ^2BY-auth |
|
| 801 | 0 |
^aBY ^bBY-HM0009 ^c20260209 ^gpsbo |
|
| 035 | ^a(BY-HM0009)BY-HM0009-br112847 | ||
| 899 | 0 | ^aBY-HM0009 | |